Personnages qui apparaissent dans les crédits de fin d'Ocarina of Time - Statistiques

Statistiques générales
  • Ce quiz a été pris 15 fois
  • Le résultat moyen est 10 sur 21
Statistiques - réponses
Personnages qui apparaissent dans les crédits de Zelda Ocarina of Time % Correct
Darunia
92%
Ingo
85%
Malon
85%
Ruto
85%
Saria
85%
Impa
77%
Mido
77%
Nabooru
77%
Talon
77%
Roi Zora
69%
Epona
62%
Biggoron
46%
Bourgeon de l'Arbre Mojo
38%
Guru-Guru
31%
Mutoh
31%
Medigoron
23%
Granny
8%
Marathonien
0%
Sabib al Mamoud
0%
Scientifique du lac
0%
Vendeur de Haricots magiques
0%
Aucun quiz correspondant
Distribution des résultats
% des personnes avec chaque résultat
Percentile par nombre de réponses
Votre historique - résultats
Vous n’avez pas pris ce quiz